| 000 | 00000cas 2200000zi 4500 |
| 001 | 9.878859 |
| 003 | CaOODSP |
| 005 | 20260304071433 |
| 006 | m go d f |
| 007 | cr ||||||||||| |
| 008 | 190904c20189999oncqr p o f0###a0eng|d |
| 022 | |a2562-8356 |
| 040 | |aCaOODSP|beng|erda|cCaOODSP |
| 043 | |an-cn--- |
| 086 | 1 |aCP101-1E-PDF |
| 110 | 2 |aNational Security and Intelligence Committee of Parliamentarians (Canada) |
| 222 | 0|aQuarterly financial report for the quarter ended … |b(Canada. Secretariat of the National Security and Intelligence Committee of Parliamentarians) |
| 245 | 10|aQuarterly financial report for the quarter ended … |
| 264 | 1|a[Ottawa] : |bSecretariat of the National Security and Intelligence Committee of Parliamentarians = Secrétariat du Comité des parlementaires sur la sécurité nationale et le renseignement, |c[2018]- |
| 310 | |aQuarterly |
| 336 | |atext|btxt|2rdacontent |
| 337 | |acomputer|bc|2rdamedia |
| 338 | |aonline resource|bcr|2rdacarrier |
| 362 | 1 |aBegan with June 30, 2018. |
| 500 | |aIssued also in French under title: Rapport financier trimestriel pour le trimestre se terminant le … |
| 588 | |aDescription based on: June 30, 2018. |
| 588 | |aLatest issue consulted: June 30, 2019. |
| 692 | 07|2gccst|aFinancial statements |
| 775 | 08|tRapport financier trimestriel pour le trimestre se terminant le … |w(CaOODSP)9.878860 |